(Registro nro. 3395)

Detalles MARC
000 -CABECERA
campo de control de longitud fija 01250nam a2200289 b 4500
001 - NÚMERO DE CONTROL
campo de control bimo0001444139
003 - IDENTIFICADOR DEL NÚMERO DE CONTROL
campo de control AR-RoIUNI
005 - FECHA Y HORA DE LA ÚLTIMA TRANSACCIÓN
campo de control 20161013115344.0
007 - CAMPO FIJO DE DESCRIPCIÓN FÍSICA--INFORMACIÓN GENERAL
campo de control de longitud fija ta
008 - DATOS DE LONGITUD FIJA--INFORMACIÓN GENERAL
campo de control de longitud fija 000201s1998 sp | r ||| ||spa d
016 7# - NÚMERO DE CONTROL DE UNA AGENCIA BIBLIOGRÁFICA NACIONAL
Número de control del registro bimoBNE20000233749
Fuente SpMaBN
017 ## - NÚMERO DE COPYRIGHT O DE DEPÓSITO LEGAL
Número de copyright o de depósito legal B 47813-1998
Agencia que asigna Oficina Depósito Legal Barcelona
020 ## - NÚMERO INTERNACIONAL ESTÁNDAR DEL LIBRO
Número Internacional Estándar del Libro 8476585446
035 ## - NÚMERO DE CONTROL DEL SISTEMA
Número de control de sistema (OCoLC)432741054
040 ## - FUENTE DE LA CATALOGACIÓN
Centro catalogador/agencia de origen SpMaBN
Lengua de catalogación
Centro/agencia transcriptor
080 ## - NÚMERO DE LA CLASIFICACIÓN DECIMAL UNIVERSAL
Número de la Clasificación Decimal Universal 130.2
100 1# - ENTRADA PRINCIPAL--NOMBRE DE PERSONA
Nombre de persona Mèlich, Joan-Carles
Fechas asociadas al nombre 1961-
245 10 - MENCIÓN DE TÍTULO
Título Totalitarismo y fecundidad :
Resto del título la filosofía frente a Auschwitz /
Mención de responsabilidad, etc. Joan-Carles Mèlich.
250 ## - MENCIÓN DE EDICIÓN
Mención de edición 1a ed.
260 ## - PUBLICACIÓN, DISTRIBUCIÓN, ETC. (PIE DE IMPRENTA)
Lugar de publicación, distribución, etc. Rubí (Barcelona) :
Nombre del editor, distribuidor, etc. Anthropos,
Fecha de publicación, distribución, etc. 1998.
300 ## - DESCRIPCIÓN FÍSICA
Extensión 167 p. ;
Dimensiones 20 cm.
490 0# - MENCIÓN DE SERIE
Mención de serie Pensamiento crítico/pensamiento utópico ;
Designación de volumen o secuencia 106
505 0# - NOTA DE CONTENIDO CON FORMATO
Nota de contenido con formato I. El olvido del otro -- II. La barbarie en el corazón de la civilización -- III. La lucha contra la supremacía de la colectivo -- IV. El escándalo de la muerte -- V. La herida ética -- VI. El sufrimiento del rostro -- VII. La educación no intencional -- VIII. Del tiempo, de la obra, del deseo -- IX. La fecundidad -- X. fenomenología de la caricia -- Apéndice: E. Levinas, "El sufrimiento inútil".
650 #4 - PUNTO DE ACCESO ADICIONAL DE MATERIA--TÉRMINO DE MATERIA
Término de materia o nombre geográfico como elemento inicial PSICOLOGÍA
650 #4 - PUNTO DE ACCESO ADICIONAL DE MATERIA--TÉRMINO DE MATERIA
Término de materia o nombre geográfico como elemento inicial ÉTICA
942 ## - ELEMENTOS DE PUNTO DE ACCESO ADICIONAL (KOHA)
Fuente del sistema de clasificación o colocación Clasificación Decimal Universal
Tipo de ítem Koha Libros
Existencias
Estado de retiro Estado de pérdida Fuente del sistema de clasificación o colocación Estado dañado Excepción de préstamo Código de colección Localización permanente Ubicación/localización actual Ubicación en estantería Fecha de adquisición Número de inventario Total de préstamos Signatura topográfica completa Código de barras Fecha visto por última vez Número de copia Precio válido a partir de Tipo de ítem Koha Nota pública
    Clasificación Decimal Universal     Psicología BIBLIOTECA RIOBAMBA BIBLIOTECA RIOBAMBA BIBLIOTECA RIOBAMBA 22/08/2016 3491   130.2 MEL 3491 13/10/2016 1 13/10/2016 Libros Donación Pablo Zöpke